000 00302nam a22001217a 4500
020 _a81-286-0757-X
082 _a001
_bDIS/B
100 _aDISNEY
245 _aBIG BOOK OF FACTS
_bHISTORY OF THE WORLD
260 _aEUROKIDS INTERNATIONAL
_bMUMBAI
_c2005
650 _aGENERAL KNOWLEDGE
_zINDIA
942 _cBK
999 _c1976
_d1976